000
00311nam a2200109Ia 4500
008
180205s9999 xx 000 0 und d
020
_a
9780071287579
100
_a
Arens, William F.
245
_a
Essentials of contemporary advertising /
260
_a
USA
_b
Mc Graw Hill Education
_c
2009
300
_a
iv, 558 pages
999
_c
354878
_d
354878